| 000 | 00293 a2200097 4500 | ||
|---|---|---|---|
| 082 | _a627.082 KHU | ||
| 100 | _aKhurmi,R.S. | ||
| 245 |
_aA Textbook of Hydraulics,Fluid Mechanics and Hydraulic Machines / _cR.S.Khurmi |
||
| 260 |
_aNew Delhi : _cS.Chand & comp, _b2001 |
||
| 300 |
_a666p. : _bill . ; _c25cm |
||
| 650 | _ahydraulics | ||
| 999 |
_c1540 _d1540 |
||